Представление документа в формате MARC21

Поле Инд. ПП Название Значение
Тип записи a
Библиографический уровень m
001 Контрольный номер UNIDUBNAe9c2ad1eca444b11a1e81bffab8512a8
005 Дата корректировки 20230518135840.2
008 Кодируемые данные 20140826
020 a ISBN 9785091025187
041 0_ a Код языка текста rus
084 a Индекс другой классификации/Индекс ББК 83.3(2=411.2)я721; 83.3(2=411.2)4я721; 83.3(2=411.2)5я721; 83.3(2=411.2)52я721
090 a Полочн. индекс 83.3(2=411.2)я721
x Авторский знак Л 642
100 1_ a Автор Коровина В. Я.
q Полное имя Коровина Вера Яновна
100 1_ a Автор Збарский И. С.
q Полное имя Збарский Исаак Семенович
100 1_ a Автор Коровин В. И.
q Полное имя Коровин Валентин Иванович
100 1_ a Автор Журавлев В. П.
q Полное имя Журавлев Виктор Петрович
245 10 a Заглавие Литература. 9 класс
b Продолж. заглавия учебник: в 2 ч.
c Ответственность под редакцией В. Я. Коровиной; ответственный за выпуск А. С. Степанов; редакторы Л. Б. Миронова, А. С. Степанов
n Номер части/ раздела Ч.1
250 a Основные сведения об издании 11-е изд., перераб.
260 a Место издания Москва
b Издательство Просвещение
c Дата издания 2023
300 a Объем 400 с.
b Иллюстрации/ тип воспроизводства ил.
336 a Термин вида содержания Текст
337 a Термин типа средства непосредственный
500 a Примечание Соответствует Федеральному государственному образовательному стандарту основного общего образования
600 14 a Персоналии Баратынский (Боратынский) Евгений Абрамович
a Персоналии Вяземский Петр Андреевич
a Персоналии Гоголь Николай Васильевич
a Персоналии Грибоедов Александр Сергеевич
a Персоналии Дельвиг Антон Антонович
a Персоналии Державин Гаврила Романович
a Персоналии Достоевский Федор Михайлович
a Персоналии Жуковский Василий Андреевич
a Персоналии Карамзин Николай Михайлович
a Персоналии Лермонтов Михаил Юрьевич
a Персоналии Ломоносов Михаил Васильевич
a Персоналии Островский Александр Николаевич
a Персоналии Погорельский Антоний
a Персоналии Пушкин Александр Сергеевич
a Персоналии Радищев Александр Николаевич
a Персоналии Языков Николай Михайлович
650 04 a Основная рубрика история литературы
a Основная рубрика литературоведение
a Основная рубрика филологические науки
653 0_ a Ключевые слова "Анчар"
a Ключевые слова "Бедная Лиза"
a Ключевые слова "Белые ночи"
a Ключевые слова "Властителям и судиям"
a Ключевые слова "Вольность"
a Ключевые слова "Герой нашего времени"
a Ключевые слова "Горе от ума"
a Ключевые слова "Дума"
a Ключевые слова "Евгений Онегин"
a Ключевые слова "К морю"
a Ключевые слова "К Чаадаеву"
a Ключевые слова "Людмила"
a Ключевые слова "Марфа Посадница"
a Ключевые слова "Мертвые души"
a Ключевые слова "Море"
a Ключевые слова "Моцарт и Сальери"
a Ключевые слова "Памятник"
a Ключевые слова "Парус"
a Ключевые слова "Пророк"
a Ключевые слова "Путешествие из Петербурга в Москву"
a Ключевые слова "Родина"
a Ключевые слова "Светлана"
a Ключевые слова "Слово о полку Игореве"
a Ключевые слова "Смерть поэта"
a Ключевые слова "Цыганы"
a Ключевые слова XIX век
a Ключевые слова XVIII век
a Ключевые слова баллада
a Ключевые слова древнерусская литература
a Ключевые слова история русской литературы
a Ключевые слова классицизм
a Ключевые слова лирический герой
a Ключевые слова поэтический язык
a Ключевые слова реализм
a Ключевые слова романтизм
a Ключевые слова романтический герой
a Ключевые слова Россия
a Ключевые слова русская литература
a Ключевые слова сентиментализм
a Ключевые слова сюжет
a Ключевые слова творчество
655 a Жанр/ форма (устаревшее) учебное пособие
700 12 a Автор Миронова Л. Б.
e Роль лиц редактор
700 12 a Автор Степанов А. С.
e Роль лиц ответственный за выпуск
e Роль лиц редактор
787 18 w Контрольный номер связываемой записи RU/IS/BASE/365873179
787 18 w Контрольный номер связываемой записи DU/580318646
900 a Имя электронного ресурса obl_Korovina_Literatura9_1
x Справочная информация Обложка
901 t Тип документа m
952 a Тип литературы для КСУ ВШ УИ
954 a Гриф 1.1.2